000 00869nam0a22002531 4500
001 rc\3692281
005 20260407213349.0
021 _aRU
_bРг3027-76
021 _aRU
_b76-37054
035 _a(NLR Aleph) 007757751
090 _a7332488
_c7332488
100 _a20130115d1974 |||y0rusy50 ca
101 0 _arus
102 _aRU
105 _aa b |||||
200 1 _aКаталог унифицированных этикеток на молочную продукцию
_fМ-во мяс. и мол. пром-сти РСФСР
210 _aМосква
_cБ. и.
_d1974
215 _a57 с.
_cил.
_d29
712 0 1 _aРСФСР
_bМинистерство мясной и молочной промышленности
_3RU\NLR\AUTH\8810142847
_9780322
801 0 _aRU
_bNLR
_gpsbo
801 1 _aRU
_bELAR
_2rusmarc
852 _aNLR
_j76-10/12
942 _cBOOK
980 _aNB